02772nam a2200385 a 4500001001200000003000800012006001900020007001500039008004100054010001700095020001500112020001800127020002700145040002100172035002100193043001200214050002600226082001800252245013900270250001200409260006800421300003000489504005100519505130600570533015201876650005102028655002902079700002602108700002202134700002802156710004002184710001702224856012602241999001902367ebr10509383CaPaEBRm u cr cn|||||||||090910s2010 dcuabd sb 001 0 eng d z 2009037680 z087553192X z9780875531922 z9780875532523 (e-book) aCaPaEBRcCaPaEBR a(OCoLC)769188744 an-us---14aRA644.6b.C475 2010eb04a614.4/27322200aChronic disease epidemiology and controlh[electronic resource] /c[edited by Patrick L. Remington, Ross C. Brownson, Mark V. Wegner]. a3rd ed. aWashington, D.C. :bAmerican Public Health Association,cc2010. axii, 659 p. :bill., map. aIncludes bibliographical references and index.0 aCurrent issues and challenges in chronic disease control / Matthew McKenna and Janet Collins -- Methods in chronic disease epidemiology / Patrick L. Remington, Ross Brownson and David Savitz -- Intervention methods for chronic disease control / Robert J. McDermott ... [et al.] -- Chronic disease surveillance / Mark V. Wegner, Angela Rohan and Patrick L. Remington -- Tobacco use / Corinne G. Husten -- Diet and nutrition / Nasuh Malas, Kathleen M. Tharp and Susan B. Foerster -- Physical activity / Barbara E. Ainsworth and Caroline A. Macera -- Alcohol use / Mary C. Dufour -- Obesity and overweight / Deborah A. Galuska and William H. Dietz -- Diabetes / Donald B. Bishop, Patrick J. O'Connor and Jay Desai -- High blood pressure / Leonelo E. Bautista -- High blood cholesterol / Heather M. Johnson and Patrick E. McBride -- Cardiovascular disease / Craig J. Newschaffer, Longjian Liu and Alan Sim -- Cancer / Ross C. Brownson and Corinne Joshu -- Chronic respiratory diseases / Henry A. Anderson and Mark Werner -- Mental disorders / Danny Wedding -- Neurological disorders / Edwin Trevathan -- Arthritis and other musculoskeletal diseases / Rosemarie Hirsch and Marc C. Hochberg -- Chronic liver disease / Adnan Said and Jennifer Wells -- Kidney disease / Vishnu Moorthy and Jonathan B. Jaffery. aElectronic reproduction.bPalo Alto, Calif. :cebrary,d2011.nAvailable via World Wide Web.nAccess may be limited to ebrary affiliated libraries. 0aChronic diseaseszUnited StatesxEpidemiology. 7aElectronic books.2local1 aRemington, Patrick L.1 aBrownson, Ross C.1 aWegner, Mark V.,d1972-2 aAmerican Public Health Association.2 aebrary, Inc.40uhttp://site.ebrary.com/lib/rucke/Doc?id=10509383zAn electronic book accessible through the World Wide Web; click to view c116316d116316